| 000 | 01044nas a2200325 4500 | ||
|---|---|---|---|
| 001 | BR2015007002 | ||
| 003 | BR-BrBNA | ||
| 005 | 20231205130026.0 | ||
| 007 | ta | ||
| 008 | 230509b bl.|||p| |||| 00| 00por d | ||
| 040 |
_aBR-BrBNA _bpor _cBiblioteca Nacional de Agricultura |
||
| 041 | _a(En) | ||
| 072 | _aL50 | ||
| 100 | 1 | _aMagro, A.J. | |
| 100 | 1 | _aSilva, R.J. da | |
| 100 | 1 | _aRamos, P.R.R. | |
| 100 | 1 | _aCherubini, A.L. | |
| 100 | 1 | _aHatayde, M.R. | |
| 245 | 1 | _aIntraspecific variation in the venom electrophoretic profile of recently captured Crotalus durissus terrificus (Laurenti, 1768)snakes | |
| 650 | _aCOBRA PECONHENTA | ||
| 650 | _aVENENO | ||
| 650 | _aTOXINA | ||
| 650 | _aANALISE COMPARATIVA | ||
| 650 | _aCOMPOSICAO QUIMICA | ||
| 650 | _aPROTEINA | ||
| 773 | 0 |
_tJournal of Venomous Animals and Toxins (Brazil) _xISSN 1678-4936 _g(2001), v. 7(2) p. 276-301 _wBR2015007002 |
|
| 856 | 4 | 0 | _uhttp://dx.doi.org/10.1590/S0104-79302001000200010 |
| 909 |
_a202311 _bLúcia _c55 _dLúcia Elande |
||
| 942 |
_2AGRIS _n0 _cANA |
||
| 999 |
_c247504 _d247504 |
||